Magyar-szlovák együttműködés a startup vállalkozások fejlesztésére

Bibliographic Details
Main Author: Illés Erika
Other Authors: Kása Dr. Richárd
Endrődy Csilla
Format: Project work
Kulcsszavak:Interreg
Startup vállalkozás
Startup ökoszisztéma
Online Access:http://dolgozattar.uni-bge.hu/21080

MARC

LEADER 00000nnm a2200000 i 4500
001 dolg21080
005 20190510163330.0
008 190510suuuu hu o 000 hun d
040 |a BGE Dolgozattár Repozitórium  |b hun 
041 |a hu 
100 1 |a Illés Erika 
245 1 0 |a Magyar-szlovák együttműködés a startup vállalkozások fejlesztésére  |c Illés Erika  |h [elektronikus dokumentum] 
516 |a Project_work 
695 |a Interreg 
695 |a Startup vállalkozás 
695 |a Startup ökoszisztéma 
700 1 |a Kása Dr. Richárd  |e ths 
700 1 |a Endrődy Csilla  |e ths 
856 4 0 |u http://dolgozattar.uni-bge.hu/21080/1/teljes%20szakdogaEZKELL.pdf  |z Dokumentum-elérés 
856 4 0 |u http://dolgozattar.uni-bge.hu/21080/2/titkos.pdf  |z Dokumentum-elérés